000
00295nam a22001337a 4500
008
171228b xxu||||| |||| 00| 0 eng d
020
_a
9780324272666
041
_a
eng
080
_a
330.722
100
_a
61
101
_a
KON
245
_a
FINANCIAL ACCOUNTING
_c
PORTER, G.A
942
_2
udc
_c
BK
999
_c
39545
_d
39545